000 00842nam a22002537a 4500
001 BR6002831
003 BR-BrBNA
005 20250203104804.0
007 ta
008 230509b bl.||||| |||| 00| 0 por d
040 _aBR-BrBNA
_bpor
_cBiblioteca Nacional de Agricultura
041 _a(Por)
072 _aE15; D50
_b/G514
110 1 _aMinisterio da Agricultura, Rio de Janeiro, GB (Brasil). Directoria de Organizacao e Defesa da Produccao
_96929
245 1 _aPlano geral de organizacao agraria [Sindicato; Cooperativa; Decreto; Brasil]
260 3 _aRio de Janeiro, GB (Brasil):
_c1934.
300 _a116 p.
500 _aSerie desconsiderada
650 _aLEGISLACAO
650 _aSINDICATO
650 _aCOOPERATIVA
856 _uhttps://repositorio-dspace.agricultura.gov.br/bitstream/1/460/1/BR6002831.pdf
942 _cBK
_2AGRIS
999 _c11814
_d11814